000 00430nam a2200181Ia 4500
008 180207s9999 xx 000 0 und d
020 _a9780545204101
050 _bH816 2008
100 _aHorowitz, Dave
245 _aTwenty-six princesses /
245 _cDave Horowitz.
260 _aNew York :
260 _bScholastic,
260 _c2008
300 _aunpaged :
300 _bcolor illustration ;
300 _c26cm.
999 _c355362
_d355362